| 000 | 00415nam a2200169Ia 4500 | ||
|---|---|---|---|
| 001 | 33866 | ||
| 003 | IN-NITTTR | ||
| 005 | 20251114233432.0 | ||
| 008 | 251113s9999||||xx |||||||||||||| ||eng|| | ||
| 040 | _beng | ||
| 040 | _cIN-NITTTR | ||
| 041 | _aeng | ||
| 082 | _aTA439 .S53 2007eb | ||
| 100 | _aSiddique, Rafat. | ||
| 245 | 0 |
_aWaste Materials and By-Products in Concrete / _cSiddique, Rafat. |
|
| 942 |
_2ddc _cBK |
||
| 999 |
_c35179 _d35179 |
||